Szczegóły MARC21

Szkolnictwo w miastach zachodnich ziem województwa ruskiego (XVI-XVIII w.) /

003 -Nazwa inst., której nr kontr. jest w polu 001 [,]
    • @
    • Nazwa instytucji, której n kontrolny jest w polu 001
    • NUKAT
005 -DATA I CZAS OSTATNIEJ MODYFIKACJI [,]
    • @
    • pole kontrolne
    • 20241231112452.0
020 -Międzynarod. znormalizowany nr książki - ISBN [ , ]
    • a
    • Numer ISBN
    • 8387288721 Find
040 -Instytucja sporządzająca opis [ , ]
    • a
    • Instytucja, która sporządziła opis (NP)
    • NUKAT
    • c
    • Instytucja, która sporządziła rekord (NP)
    • WA U/MEM
    • d
    • Instytucja, która zmodyfikowała rekord (P)
    • WA U/IJG
    • d
    • Instytucja, która zmodyfikowała rekord (P)
    • WA U/JEK
    • d
    • Instytucja, która zmodyfikowała rekord (P)
    • WA U/AB
    • d
    • Instytucja, która zmodyfikowała rekord (P)
    • WA U/IG
    • d
    • Instytucja, która zmodyfikowała rekord (P)
    • WR O/dja
942 -Rodzaj dokumentu [ , ]
    • c
    • Rodzaj dokumentu
    • Książka
100 -Hasło główne - nazwa osobowa [1, ]
    • a
    • Nazwa osobowa (NP)
    • Pelczar, Roman.
    • 9
    • KHW
    • 396391
245 -Strefa tytułu i oznaczenia odpowiedzialności [1,0]
    • a
    • Tytuł
    • Szkolnictwo w miastach zachodnich ziem województwa ruskiego (XVI-XVIII w.) / Find
    • c
    • Pozostałe elementy strefy tytułu i oznaczenia odpowiedzialności (NP)
    • Roman Pelczar.
260 -Strefa adresu wydawniczego [ , ]
    • a
    • Miejsce wydania (P)
    • Rzeszów :
    • b
    • Nazwa wydawcy (P)
    • Wydawnictwo Wyższej Szkoły Pedagogicznej,
    • c
    • Data wydania (P)
    • 1998.
300 -Strefa opisu fizycznego [ , ]
    • a
    • Określenie formy książki i/lub objętość (NP)
    • 304, [1] s. ;
    • c
    • Format (NP)
    • 21 cm.
336 -Typ zawartości [ , ]
    • a
    • Termin opisujący typ zawartości
    • Tekst
    • b
    • Kod określający zawartość
    • txt
    • 2
    • Źródło (terminu i kodu)
    • rdacontent
337 -Typ mediów [ , ]
    • a
    • Tryb odtwarzania
    • Bez urządzenia pośredniczącego
    • b
    • Kod typu mediów
    • n
    • 2
    • Źródło (terminu i kodu)
    • rdamedia
338 -Typ/rodzaj nośnika [ , ]
    • a
    • Hasło opisujące typ nośnika
    • Wolumin
    • b
    • Kod typu nośnika
    • nc
    • 2
    • Źródło (terminu i kodu)
    • rdacarrier
504 -Uwaga dot. bibliogr. załącznikowej [ , ]
    • a
    • Uwaga dot. bibliografii załącznikowej
    • Bibliogr. s. 273-291. Indeksy.
080 -Uniwersalna Klasyfikacja Dziesiętna [ , ]
    • a
    • Symbol klasyfikacji
    • 37(438)(091)"15/17"
650 -Hasło przedmiotowe [ ,7]
    • a
    • Hasło przedmiotowe
    • Szkoły
    • z
    • Określnik geograficzny
    • Polska
    • z
    • Określnik geograficzny
    • Sanok (region)
    • y
    • Określnik chronologiczny
    • 1500-1800.
    • 2
    • Źródło terminu
    • kaba
    • 9
    • KHW
    • 714120
650 -Hasło przedmiotowe [ ,7]
    • a
    • Hasło przedmiotowe
    • Szkoły katolickie
    • z
    • Określnik geograficzny
    • Polska
    • z
    • Określnik geograficzny
    • Sanok (region)
    • y
    • Określnik chronologiczny
    • 1500-1800.
    • 2
    • Źródło terminu
    • kaba
    • 9
    • KHW
    • 714122
650 -Hasło przedmiotowe [ ,7]
    • a
    • Hasło przedmiotowe
    • Edukacja
    • z
    • Określnik geograficzny
    • Polska
    • z
    • Określnik geograficzny
    • Sanok (region)
    • y
    • Określnik chronologiczny
    • 1500-1800.
    • 2
    • Źródło terminu
    • kaba
    • 9
    • KHW
    • 714118
650 -Hasło przedmiotowe [ ,7]
    • a
    • Hasło przedmiotowe
    • Edukacja
    • z
    • Określnik geograficzny
    • Polska
    • z
    • Określnik geograficzny
    • Przemyśl (region)
    • y
    • Określnik chronologiczny
    • 1500-1800.
    • 2
    • Źródło terminu
    • kaba
    • 9
    • KHW
    • 714123
650 -Hasło przedmiotowe [ ,7]
    • a
    • Hasło przedmiotowe
    • Szkoły
    • z
    • Określnik geograficzny
    • Polska
    • z
    • Określnik geograficzny
    • Przemyśl (region)
    • y
    • Określnik chronologiczny
    • 1500-1800.
    • 2
    • Źródło terminu
    • kaba
    • 9
    • KHW
    • 714119
650 -Hasło przedmiotowe [ ,7]
    • a
    • Hasło przedmiotowe
    • Szkoły katolickie
    • z
    • Określnik geograficzny
    • Polska
    • z
    • Określnik geograficzny
    • Przemyśl (region)
    • y
    • Określnik chronologiczny
    • 1500-1800.
    • 2
    • Źródło terminu
    • kaba
    • 9
    • KHW
    • 714121
980 -Symbol UKD [ , ]
    • a
    • UKD
    • 37(438)(091)"15/17"
710 -Hasło dodatkowe - nazwa ciała zbiorowego [2, ]
    • a
    • Nazwa ciała zbiorowego lub nazwa geograficzna jako pierwszy element (NP)
    • Wyższa Szkoła Pedagogiczna (Rzeszów).
    • b
    • Nazwa jednostki podrzędnej (P)
    • Wydawnictwo.
    • 4
    • Kod relacji
    • pbl
    • 9
    • KHW
    • 57659
920 -ISBN [ , ]
    • a
    • ISBN
    • 83-87288-72-1 Find
Numer inwentarzowy Status udost. Lokalizacja Data inwentaryzacji
Pd.122221BG1999-04-09